000 00733nam a2200229Ia 4500
003 OSt
005 20220923214835.0
006 a|||||r|||| 00| 0
007 ta
008 220922b |||||||| |||| 00| 0 hin d
024 _a173,226
037 _cTextual
040 _aARTS
_cARTS
_bhin
041 _2hin
_ahin
082 _aO152:6x, J2
100 _aमल्लिक, योगेन्द्र कुमार
_9162357
245 0 _aहिन्दी गद्य
_b विकास और इतिहास
246 _aHindī gadya: vikās aur itihāsa
260 _c1952
942 _hO152:6x, J2
_cTEXL
_2CC
999 _c327133
_d327133